000 00581nam a2200193Ia 4500
005 20250508152410.0
008 008 250505s9999 xx 000 0 eng d
037 _aTextual
040 _aFEDL
_beng
_cFEDL
041 _aeng
_2eng
084 _a370.1, CHI
_qFEDL
100 _aChilds John L.
_9757254
245 0 _aAmerican pragmatism and education : An interpretation and criticism
260 _aNew York, USA
_bHenry Holt and Company
_c1956
300 _ax,373p.
650 _aEducation - Philosophy
942 _cTEXL
_h370.1, CHI
999 _c1336177
_d1336177